How to motivate every employee : 24 proven tactics to spark productivity in the workplace

Bibliographic Details
Main Author: Bruce, Anne
Format: Book
Published: New York : McGraw- Hill , 2006
Subjects:

MARC

LEADER 00000cam a2200000 7i4500
001 0000024664
005 20090108.0
008 090108
020 |a 0071463305 
090 0 0 |a 658.314   |b BRU 
100 1 |a Bruce, Anne 
245 1 0 |a How to motivate every employee :   |b 24 proven tactics to spark productivity in the workplace   |c Anne Bruce 
260 |a New York :   |b McGraw- Hill ,   |c 2006 
650 0 |a Employee motivation 
650 0 |a Performance 
650 0 |a Personal management 
999 |a 0001038956   |b Book   |c Chinese Collection   |e Perbadanan Perpustakaan Awam Johor